El asno de oro /

Guardado en:
Autor Principal: Apuleyo, Lucio
Formato: Libro
Publicado: Madrid : Club Internacional del Libro, 1998
Materias:
Etiquetas: Agregar Etiqueta
Sin Etiquetas, Sea el primero en etiquetar este registro!
LEADER 00554nam a22002055a 4500
001 CEM.cems015667
005 20111014155735.0
008 130507s1998##################000#0#####d
003 CEMS
020 |a 8482651986 
082 0 4 |a 877 
100 1 |a Apuleyo, Lucio 
245 1 0 |a El asno de oro /  |c Lucio Apuleyo 
260 |a Madrid :  |b Club Internacional del Libro,  |c 1998 
300 |a 253 p. 
653 |a Literatura 
653 |a Literatura latina 
653 |a Sátira latina 
653 |a Narrativa 
859 |a CEMS  |b BIB. CEMS - Agricultura  |h 877  |i Ap94  |p A0157.00  |t Ej.1